| 000 | 00513 a2200169 4500 | ||
|---|---|---|---|
| 003 | OSt | ||
| 005 | 20240905153539.0 | ||
| 008 | 231017b |||||||| |||| 00| 0 eng d | ||
| 020 | _a9789933291068 | ||
| 040 | _coclc | ||
| 082 |
_a610 _bSAB/A |
||
| 100 |
_aSabaei, Zuhair _910518 |
||
| 245 |
_a AL THWABEEB ADABAHU VA FIQHAHU _cDr. Zuhair Ahmed Al-Sabaei , Dr. Muhammed Ali Al-Bar |
||
| 260 |
_aDamascus: _bDar Al-Qalam. |
||
| 300 | _a400p, ; | ||
| 942 |
_2ddc _cBK _h610 _iSAB/A _k610 _mSAB/A |
||
| 999 |
_c42731 _d42731 |
||